KOHA-Header-6

Strategic Marketing (Record no. 12505)

000 -LEADER
fixed length control field 00188nam a22000977a 4500
082 ## - DEWEY DECIMAL CLASSIFICATION NUMBER
Classification number 658.80
100 ## - MAIN ENTRY--AUTHOR NAME
Personal name Carvens, Dawid W.
245 ## - TITLE STATEMENT
Title Strategic Marketing
250 ## - EDITION STATEMENT
Edition statement 10th
942 ## - ADDED ENTRY ELEMENTS (KOHA)
Koha item type Books
Holdings
Withdrawn status Lost status Collection code Permanent Location Current Location Shelving location Date acquired Full call number Accession Number Koha item type
    Marketing MAJU MAJU   2020-09-10 658.80 9674 Marketing

Powered by Koha